Рынок IT-аутсорсинг в России: состояние и перспективы; Труды XII региональной научно-практической конференции студентов и учащейся молодежи "Прогрессивные технологии и экономика в машиностроении"

Podrobná bibliografie
Parent link:Труды XII региональной научно-практической конференции студентов и учащейся молодежи "Прогрессивные технологии и экономика в машиностроении".— 2008.— С. 64-66
Hlavní autor: Косовец Е. А.
Další autoři: Захарова А. А. (научный руководитель)
Jazyk:ruština
Vydáno: 2008
Témata:
Médium: MixedMaterials Kapitola
KOHA link:https://koha.lib.tpu.ru/cgi-bin/koha/opac-detail.pl?biblionumber=162527

MARC

LEADER 00000naa2a2200000 4500
001 162527
005 20231031160414.0
035 |a (RuTPU)RU\TPU\book\176272 
090 |a 162527 
100 |a 20090623d2008 k y0rusy50 ca 
101 0 |a rus 
102 |a RU 
200 1 |a Рынок IT-аутсорсинг в России: состояние и перспективы  |f Е. А. Косовец  |g науч. рук. А. А. Захарова 
320 |a Библиогр.: 3 назв. 
463 0 |0 (RuTPU)RU\TPU\book\164855  |t Труды XII региональной научно-практической конференции студентов и учащейся молодежи "Прогрессивные технологии и экономика в машиностроении"  |o [сборник]  |f Томский политехнический университет (ТПУ), Юргинский технологический институт (ЮТИ)  |v С. 64-66  |d 2008  |p 225 с. 
610 1 |a аутсорсинг 
610 1 |a рынок 
610 1 |a информационные технологии 
610 1 |a услуги 
610 1 |a труды учёных ТПУ 
700 1 |a Косовец  |b Е. А. 
702 1 |a Захарова  |b А. А.  |4 727 
801 1 |a RU  |b 63413507  |c 20090623  |g PSBO 
942 |c BK